000 00540nam a22002177a 4500
003 UA-OsUOA
001 55181
007 ta
008 20080813b un ||||| |||| 00| 0 ukr d
090 _a821.111
942 _cBK
040 _aUA-OsUOA
_beng
_cUA-OsUOA
_dUA-OsUOA
245 _aAmerican Literature
300 _a258 с.
955 _a2
041 _aeng
080 _a821.111
260 _aК.
_bВ-во Карп'юка
_c2001
650 7 _a82 Література. Літературознавство
_2UDC
999 _c341266
_d341266